01028 2200337 4500001002100000005001500021035002000036007000300056040001700059100003200076245012400108250000900232300003800241020002200279041000800301090002400309264003000333336002100363337003000384338002300414650002500437700002700462850001000489008004100499500002800540504003000568990002300598990002300621990002300644990002300667INLIS00000000000896720260513115239 a0010-1022000342ta aSBPUPADbind0 aImperial Jathee;ePengarang1 aTiga Belas Poin Menulis Cerita Pendek :bDijamin Bisa Menulis Cerpen Dalam Waktu Singkat /cImperial Jathee;Editor;Seno aEd.1 axii, 148 hlm. :bilus. ;c13x19cm a978-979-29-4676-50 aind a959.856 FAD g 24-10 aYogyakarta :bAndi,c2014 2rdacontentateks 2rdamediaatanpa perantara 2rdacarrieravolume 4aSeni Menulis Cerpen/ aEditor;SenoePengarang aPUPAD260513 0  aProfile Penulis,145 hlm abibiliografi, 143-144 hlm a22.466/KAPD/2016/B a22.465/KAPD/2016/B a22.464/KAPD/2016/B a22.467/KAPD/2016/B